| 000 | 00371 a2200157 4500 | ||
|---|---|---|---|
| 001 | 68044 | ||
| 020 | _a9783126749312 | ||
| 040 | _cAnchieta - Pituba | ||
| 100 | _aWolf, Nita Esther | ||
| 240 | 1 | 0 |
_aTaiyes Weg zum traumberuf _ldeu / ger |
| 245 | 1 | 0 | _aTaiyes Weg zum traumberuf |
| 300 | _a48 | ||
| 362 | 0 | _a2021 | |
| 650 | 4 | _aLiteratura juvenil em alemão | |
| 942 | _cBK | ||
| 999 |
_c68044 _d68044 |
||